| 000 | 01101nam a2200229 i 4500 | ||
|---|---|---|---|
| 001 | bg | ||
| 100 | 1 | _aHEWITT, Nicola | |
| 245 | 0 | 0 |
_aPodręcznik ICLEI[International Council for Local Environmental Initiatives] w zakresie zarządzania środowiskiem dla władz samorządowych Środkowej i Wschodniej Europy. _nT.1, _pKlucz do podręcznika ICLEI / _cNicola Hewitt ; [kier. projektu Konrad Otto-Zimmermann ; tł. z ang. Jaromir Adamczyk]. |
| 260 |
_aFreiburg : _bICLEI European Secretariat, _c1997. |
||
| 300 |
_a34 s. : _b2 rys. ; _c30 cm. |
||
| 500 | _aZaw. tekst "Karty Eupropejskich Miast i Miasteczek dążących do zrównoważonego trwałego rozwoju" (Karta Aalborska). | ||
| 650 | 9 |
_aZarządzanie _xgospodarka _zEuropa Środkowo-Wschodnia |
|
| 650 | 9 |
_aSamorząd terytorialny _zEuropa Środkowo-Wschodnia |
|
| 650 | 9 |
_aŚrodowisko człowieka _xochrona _zEuropa Środkowo-Wschodnia |
|
| 655 | _aPodręczniki | ||
| 700 | 1 | _aOTTO-ZIMMERMANN, Konrad. | |
| 040 | _cBPK | ||
| 041 | 1 | _apl | |
| 080 | _a352/353:332.1:504.06](4-191.2-11) | ||
| 942 | _cKS | ||
| 008 | s pl f |000 0 pol | ||
| 999 |
_c32887 _d32887 |
||
| 856 |
_uhttp://koha.tu.koszalin.pl/cgi-bin/koha/opac-detail.pl?biblionumber=32887 _yKatalog online BPK |
||